Città della Turchia - popolazione - Statistics

Statistiche generali
  • Questo quiz è stato fatto 67 volte
  • Il punteggio medio è 6 su 15
Statistiche sulle risposte
Hint Risposta % Corretto
5,663,322 Ankara
100%
15,462,452 Istanbul
98%
4,394,694 Izmir
72%
2,548,308 Antalya
62%
2,258,718 Adana
57%
3,101,833 Bursa
43%
2,250,020 Konya
43%
2,101,157 Gaziantep
40%
678,000 Samsun
26%
1,129,218 Diyarbakir
21%
898,369 Eskisehir
21%
1,421,455 Kayseri
21%
1,064,850 Mersin
21%
596,637 Sanliurfa
17%
567,000 Sakarya
0%
Nessun quiz corrispondente trovato
Distribuzione punteggi
Percentuale di utenti per punteggio
Percentile per numero di risposta
I tuoi punteggi nel tempo
Non hai fatto questo quiz